000 01571cam0 2200397 ib4500
001 BY-BR0015-br181093
005 20250820122635.0
010 ^a978-5-9951-5046-6
100 ^a20250820d2024 d y0rusy50 ca
101 0 ^arus
102 ^aRU
105 ^aa z 000fy
109 ^ama
200 1 ^aБежин луг
^eрассказы
^e[для среднего школьного возраста]
^fИ. С. Тургенев
^g[художник И. Горбатый]
210 ^aМосква
^cСтрекоза
^d2024
215 ^a62, [2] с.
^cил.
^d21 см
225 1 ^aСерия "Внеклассное чтение"
327 1 ^aСодержание: Бежин луг ; Хорь и Калиныч ; Бирюк
333 ^a12+
345 ^92000 экз.
464 0 ^12001
^aХорь и Калиныч
464 0 ^12001
^aБирюк
608 ^aРАССКАЗ
^3BY-NLB-ar27475
^2BYGNR
608 ^aДЕТСКАЯ И ЮНОШЕСКАЯ ЛИТЕРАТУРА (художеств. произведение)
^3BY-NLB-ar9019
^2BYGNR
686 ^a84(2=411.2)5
^2rubbk
690 ^a1
^2Base
^9BY-MI0013
^xRSEK
700 1 ^aТургенев
^bИ. С.
^gИван Сергеевич
^cписатель
^f1818—1883
^3BY-NLB-ar93423
702 1 ^aГорбатый
^bИ.
^4040
801 0 ^aBY
^bBY-MI0013
^c20250820
^gRCR
035 ^a(BY-MI0013)BY-BR0015-br181093
899 0 ^aBY-MI0013
^iТ87
^h84(2=411.2)5